Por qué Europa?: fundamentos medievales de un camino singular

Guardat en:
Dades bibliogràfiques
Autor principal: Mitterauer, Michael (autor)
Format: Llibre
Idioma:espanyol
Publicat: Valencia Universidad de Valencia 2008
Col·lecció:Historia
Matèries:
Etiquetes: Afegir etiqueta
Sense etiquetes, Sigues el primer a etiquetar aquest registre!

MARC

LEADER 00000nam a2200000 a 4500
001 UCH5687
003 CL-VaPUC
008 091015e20080000SP |||||||||||||||||spa|d
020 |a 9788437071817 
082 0 4 |a 940.1  |b MIT  |2 21 
100 |a Mitterauer, Michael  |e autor  |9 542010 
245 1 0 |a Por qué Europa?: fundamentos medievales de un camino singular 
300 |a 398 p 
942 |c BK 
945 |d 20091015 00:00:00  |a rbrito 
260 |a Valencia  |b Universidad de Valencia  |c 2008 
650 0 |a Edad media  |9 258041 
650 0 |a Historia medieval   |9 258042 
650 0 |a Civilización medieval   |9 265320 
650 0 |a Feudalismo  |9 313469 
650 0 |a Cruzadas  |9 319513 
583 |a last modification  |c 20091015 00:00:00  |k Rodrigo Vera 
490 0 |a Historia 
999 |c 336789  |d 336787 
952 |0 0  |1 0  |4 0  |6 940_100000000000000_MIT_2008  |7 0  |8 A  |9 428718  |a BIBHIS  |b BIBHIS  |d 2019-11-22  |i 4606833  |l 1  |m 12  |o 940.1 MIT 2008  |p 4606833  |r 2024-10-09  |s 2023-05-24  |w 2019-11-22  |y BK  |k HIS